02256cam a22003974i 4500003000900000005001700009008004100026035002000067040003300087082002500120100004200145245018200187264001000369300003900379336002100418337002500439338002300464502005800487504002400545520109300569526001001662526001001672526000901682526000901691526000901700526000901709526000901718526000901727526000901736526000801745526000801753526000801761526000801769526000801777610007301785PE-LiUPU20250731165408.0151016s2014 pe a grm 000 0 spa d a(Sirsi) a154900 aPE-LiUPUbspacPE-LiUPUerda04a286.73206581bM79 T31 aMorales Barrera, Yarith Milenaeautor1 aRelación entre plan de capacitación y desempeño de tesoreros de Iglesia de la Misión Ecuatoriana del Sur, durante los años 2012-2013 /cYarith Milena Morales Barrera. 0c2014. a90 hojas : bilustraciones;c30 cm atext2rdacontent aunmediated2rdamedia avolume2rdacarrier aTesisb(Mg.) -- cUniversidad Peruana Unión,d2014. aIncluye referencias3 aEn la Iglesia Adventista del Séptimo día a nivel mundial se nombran para cada iglesia un tesorero, quien es el encargado de custodiar todos los fondos de la iglesia y cumplir con las funciones y responsabilidades asignadas según el Manual de Iglesia. Por esto es importante averiguar ¿Cuál es la relación entre la capacitación permanente y el desempeño de tesoreros de iglesia de la Misión Ecuatoriana del Sur durante los años 2012 y 2013?. Los datos obtenidos al aplicar el instrumento fueron sometidos a la prueba estadística de Rho spearman, donde se aprecia que la capacitación permanente guarda relación significativa con desempeño del tesorero de iglesia, hallándose con un valor calculado donde p = 0.001 a un nivel de significativa de 0,01 (bilateral), y un nivel de relación de 0,520; lo cual indica la correlación media. Estos resultados ayudan a darle una gran importancia a la capacitación que la Misión Ecuatoriana del sur debe brindar a los tesoreros de iglesia para que su desempeño sea efectivo al momento de realizar sus funciones. aSEG44 aSEG26 aP151 aP150 aP149 aP146 aP145 aP126 aP125 aP92 aP75 aP74 aP27 aP1504aAdventistas del Séptimo DíaxAdministración financieravTesis.